<?xml version="1.0" encoding="UTF-8"?>
<record
    xmlns:xsi="http://www.w3.org/2001/XMLSchema-instance"
    xsi:schemaLocation="http://www.loc.gov/MARC21/slim http://www.loc.gov/standards/marcxml/schema/MARC21slim.xsd"
    xmlns="http://www.loc.gov/MARC21/slim">

  <leader>02810cam a2200301 i 4500</leader>
  <controlfield tag="001">991107288634606196</controlfield>
  <controlfield tag="005">20260304135620.0</controlfield>
  <controlfield tag="008">230711t20232023fr a     bq   000 1 fre d</controlfield>
  <datafield tag="020" ind1=" " ind2=" ">
    <subfield code="a">9782021505177</subfield>
    <subfield code="q">(paperback)</subfield>
    <subfield code="c">19,50 EUR</subfield>
  </datafield>
  <datafield tag="020" ind1=" " ind2=" ">
    <subfield code="a">2021505170</subfield>
  </datafield>
  <datafield tag="035" ind1=" " ind2=" ">
    <subfield code="a">(Fr-PaAMA)AAL08285533-0001</subfield>
  </datafield>
  <datafield tag="040" ind1=" " ind2=" ">
    <subfield code="a">Fr-PaAMA</subfield>
    <subfield code="b">eng</subfield>
    <subfield code="e">rda</subfield>
    <subfield code="c">tbs</subfield>
  </datafield>
  <datafield tag="041" ind1=" " ind2=" ">
    <subfield code="a">French</subfield>
  </datafield>
  <datafield tag="050" ind1=" " ind2="4">
    <subfield code="a">PQ2707.H94</subfield>
    <subfield code="b">P37 2023</subfield>
  </datafield>
  <datafield tag="100" ind1=" " ind2=" ">
    <subfield code="a">Ghys, Cl&#xE9;ment, - 1985- author.</subfield>
    <subfield code="d">1985-</subfield>
    <subfield code="e">author.</subfield>
  </datafield>
  <datafield tag="245" ind1="1" ind2="3">
    <subfield code="a">Le passant du Bowery </subfield>
    <subfield code="c">/ Cl&#xE9;ment Ghys.</subfield>
  </datafield>
  <datafield tag="264" ind1=" " ind2="1">
    <subfield code="a">Paris XIXe :</subfield>
    <subfield code="b">&#xC9;ditions du Seuil,</subfield>
    <subfield code="c">[2023]</subfield>
  </datafield>
  <datafield tag="300" ind1=" " ind2=" ">
    <subfield code="a">280 pages :</subfield>
    <subfield code="b">illustration ;</subfield>
    <subfield code="c">21 cm</subfield>
  </datafield>
  <datafield tag="500" ind1=" " ind2=" ">
    <subfield code="a">"R&#xE9;cit"--Cover.</subfield>
  </datafield>
  <datafield tag="504" ind1=" " ind2=" ">
    <subfield code="a">Includes bibliographical references and filmography (pages 275-278).</subfield>
  </datafield>
  <datafield tag="520" ind1=" " ind2=" ">
    <subfield code="a">222 Bowery, sud-est de Manhattan. L&#x2019;adresse a abrit&#xE9;, dit-on, l&#x2019;atelier de Fernand L&#xE9;ger pendant la guerre. Mark Rothko y a peint des toiles d&#xE9;cisives pour la suite de son oeuvre. Dans les ann&#xE9;es 1960, le po&#xE8;te John Giorno y a organis&#xE9; des soir&#xE9;es extravagantes o&#xF9; la boh&#xE8;me se pressait autour de William Burroughs. Le mage de la Beat Generation, apr&#xE8;s des ann&#xE9;es d&#x2019;errance, s&#x2019;&#xE9;tait en effet install&#xE9; dans l&#x2019;entresol sans fen&#xEA;tres surnomm&#xE9; le Bunker.
Le 222 revit ici au gr&#xE9; des d&#xE9;ambulations du passant du Bowery, narrateur &#xE9;nigmatique et fascin&#xE9; qui, pi&#xE8;ce par pi&#xE8;ce, &#xE9;tage apr&#xE8;s &#xE9;tage, nous entra&#xEE;ne avec une nostalgie fougueuse dans la douceur enfi&#xE9;vr&#xE9;e des nuits et des jours de cet immeuble tout aussi m&#xE9;connu que mythique.
Cl&#xE9;ment Ghys est r&#xE9;dacteur en chef adjoint de M le magazine du Monde.</subfield>
  </datafield>
  <datafield tag="520" ind1=" " ind2=" ">
    <subfield code="a">222 Bowery, south-east Manhattan. The address is said to have housed Fernand L&#xE9;ger&#x2019;s studio during the war. Mark Rothko painted canvases there that proved decisive for the rest of his work. In the 1960s, the poet John Giorno hosted extravagant gatherings where the bohemian crowd flocked around William Burroughs. The magician-like figure of the Beat Generation had, after years of wandering, settled in the windowless mezzanine known as the Bunker.

The building at 222 comes back to life here through the wanderings of the Bowery passer-by, an enigmatic and fascinated narrator who, room by room and floor by floor, leads us with fervent nostalgia into the feverish sweetness of the nights and days spent in this building, as little known as it is mythical.

Cl&#xE9;ment Ghys is deputy editor-in-chief of M, the magazine of Le Monde.</subfield>
  </datafield>
  <datafield tag="650" ind1=" " ind2="0">
    <subfield code="a">Beat generation &#x2014; New York (State) &#x2014; New York.</subfield>
    <subfield code="9">26777</subfield>
  </datafield>
  <datafield tag="650" ind1=" " ind2="0">
    <subfield code="a">Bohemianism &#x2014; New York (State) &#x2014; New York &#x2014; History &#x2014; 20th century.</subfield>
    <subfield code="9">26780</subfield>
  </datafield>
  <datafield tag="650" ind1=" " ind2="0">
    <subfield code="a">Bowery (New York, N.Y.) &#x2014; History &#x2014; 20th century.</subfield>
    <subfield code="9">26779</subfield>
  </datafield>
  <datafield tag="650" ind1=" " ind2="0">
    <subfield code="a">Artists&#x2019; studios &#x2014; New York (State) &#x2014; New York &#x2014; History.</subfield>
    <subfield code="9">26778</subfield>
  </datafield>
  <datafield tag="942" ind1=" " ind2=" ">
    <subfield code="2">lcc</subfield>
  </datafield>
  <datafield tag="999" ind1=" " ind2=" ">
    <subfield code="c">5375</subfield>
    <subfield code="d">5375</subfield>
  </datafield>
</record>
